[Event "Quebec-ch U16"]
[Site "Montreal"]
[Date "1988.03.05"]
[Round "5"]
[White "Lacognata, Tony"]
[Black "Levesque, Sylvain"]
[Result "1-0"]
[WhiteElo "1500"]
[BlackElo "1511"]
[PlyCount "33"]
[EventDate "1988.03.03"]
[EventType "tourn"]
[EventRounds "7"]
[EventCountry "CAN"]
[SourceTitle "EXT 2022"]
[Source "ChessBase"]
[SourceDate "2021.10.06"]
[SourceVersion "1"]
[SourceVersionDate "2021.10.06"]
[SourceQuality "1"]

1. e4 e5 2. f4 Nc6 3. Nf3 d6 4. Bc4 Nf6 5. 0-0 g6 6. Ng5 d5 7. exd5 Nxd5 8. Nxf7 Kxf7 9. fxe5+ Ke8 10. Qf3 Bf5 11. Bxd5 Nxe5 12. Re1 Qe7 13. Qe3 Bg7 14. d4 Nf3+ 15. Bxf3 Qxe3+ 16. Rxe3+ Kd7 17. c3 1-0